| 000 | 00472nam a22001691a 4500 | ||
|---|---|---|---|
| 020 | _a9788170002604 | ||
| 082 |
_a182 _bKRI/G |
||
| 100 |
_aK P Bahadur _9155213 |
||
| 245 |
_aThe Greeks: _btheir philosophy, history and culture/ _cby K P Bahadur |
||
| 260 |
_aNew Delhi: _bEss Ess, _c1999. |
||
| 300 | _a236p. | ||
| 650 |
_aCulture Greece _9155214 |
||
| 650 |
_aHistory Greece _9155215 |
||
| 650 |
_aPhilosophy Greek _9155216 |
||
| 650 |
_aPhilosophy _9155217 |
||
| 942 | _cBK | ||
| 999 |
_c16606 _d16606 |
||